Berühmte Personen aus Mecklenburg-Vorpommern - Statistiken

Allgemein
  • Dieses Quiz wurde 142 mal gespielt
  • Das Durchschnittsergebnis liegt bei 6 aus 20
Antwortstatistiken
Bildquiz Hint Antwort % Korrekt
Ueckermünde Philipp Amthor
85%
Greifswald Toni Kroos
84%
Anklam Matthias Schweighöfer
77%
Rostock Joachim Gauck
75%
Rostock Jan Ullrich
60%
Rostock Marteria
37%
Anklam Otto Lilienthal
33%
Greifswald Caspar David Friedrich
27%
Neubrandenburg Tim Borowski
25%
Neustrelitz Charly Hübner
23%
Bergen auf Rügen Devid Striesow
19%
Schwerin Katrin Sass
18%
Neubrandenburg Katrin Krabbe
12%
Rostock André Greipel
7%
Anklam Günter Schabowski
7%
Stralsund Nadja Uhl
6%
Rostock Gebhard Leberecht von Blücher
3%
Rostock Marianne Hoppe
2%
Greifswald Karen Illgen
1%
Neubrandenburg Otto Ernst Remer
1%
Keine übereinstimmenden Quizze gefunden
Verteilung der Resultate
Anzahl Personen mit jedem Resultat
Perzentil nach korrekt beantworteten Fragen
Ihre Resultats-Entwicklung
Sie haben dieses Quiz noch nicht gespielt